| 000 | 00602cam a2200229 4500 | ||
|---|---|---|---|
| 001 | J64386 | ||
| 008 | 000000n2001 000 0 eng u | ||
| 035 | _a(Sirsi) u112513 | ||
| 041 | _aeng | ||
| 050 | _a333.337 | ||
| 110 |
_aDeloitte & Touche _93702 |
||
| 245 | _aUK budget hotel survey 2001 : a brief shower or a change of climate? | ||
| 260 |
_aLondon _bDeloitte & Touche _c2001 |
||
| 300 | _a19p ; 30cm. | ||
| 350 | _a0 | ||
| 650 | _aBUDGET HOTELS | ||
| 650 | _aHOTEL MARKET | ||
| 650 | _aHOTELS | ||
| 650 | _aLEISURE PROPERTY | ||
| 690 | _aPROPERTY-COMMERCIAL PROPERTY | ||
| 942 | _n0 | ||
| 999 |
_c101442 _d101442 |
||